Normal view
MARC view
Entry Topical Term
001 - CONTROL NUMBER
- control field: 53241
003 - CONTROL NUMBER IDENTIFIER
- control field: OSt
005 - DATE AND TIME OF LATEST TRANSACTION
- control field: 20160421161945.0
008 - FIXED-LENGTH DATA ELEMENTS
- fixed length control field: 160421|| aca||aabn | a|a d
040 ## - CATALOGING SOURCE
- Original cataloging agency: OSt
- Transcribing agency: OSt
150 ## - HEADING--TOPICAL TERM
- Topical term or geographic name entry element: Music
670 ## - SOURCE DATA FOUND
- Source citation: Work cat.: (OSt)18267: श्रीमती आभा गोस्वामी 53240, शास्त्रदर्शन , 2003









